000 00384nam a2200133Ia 4500
008 210430s9999 xx 000 0 und d
020 _a3-540-22932-9
082 _a629.1343 C 3874 A
100 _aT.Cebeci M.Platzer
_954099
245 _aAnalysis of Low Speed Unsteady Airfoil Flows
_cT.Cebeci M.Platzer
260 _aNew york
_bSpringer
_c2005
300 _a226 p
942 _cBK
_2ddc
999 _c564561
_d564561